MARC details
| 000 -LÍDER |
| campo de controle de tamanho fixo |
01807nac a22004817a 4500 |
| 001 - NÚMERO DE CONTROLE |
| campo de controle |
BR8600685 |
| 003 - IDENTIFICADOR DO NÚMERO DE CONTROLE |
| campo de controle |
BR-BrBNA |
| 005 - DATA E HORÁRIO DA ÚLTIMA TRANSAÇÃO |
| campo de controle |
20240105120358.0 |
| 008 - CAMPO DE DADOS FIXOS--INFORMAÇÃO GERAL |
| campo de controle de tamanho fixo |
230509b bl.|||m| |||| 00| 0 por d |
| 040 ## - FONTE DA CATALOGAÇÃO |
| Instituição da catalogação original |
BR-BrBNA |
| Idioma da catalogação |
por |
| Instituição que transcreveu o registro |
Biblioteca Nacional de Agricultura |
| 072 ## - CÓDIGO DE CATEGORIA DE ASSUNTO |
| Código de Categoria de Assunto |
F04; L02 |
| 090 ## - NÚMERO DE CHAMADA LOCAL |
| Número de chamada |
1930 BR8600685 |
| 100 1# - ENTRADA PRINCIPAL--NOME PESSOAL |
| Nome pessoal |
Setti, J.C. de A. |
| 100 1# - ENTRADA PRINCIPAL--NOME PESSOAL |
| Nome pessoal |
Nunes, S.G. |
| 100 1# - ENTRADA PRINCIPAL--NOME PESSOAL |
| Nome pessoal |
Silva, J.M. da |
| 100 1# - ENTRADA PRINCIPAL--NOME PESSOAL |
| Nome pessoal |
Andrade, S.F. de |
| 100 1# - ENTRADA PRINCIPAL--NOME PESSOAL |
| Nome pessoal |
Oliveira, A.R. de |
| 110 1# - ENTRADA PRINCIPAL--NOME CORPORATIVO |
| Nome corporativo ou nome da jurisdição |
Empresa de Pesquisa, Assistencia Tecnica e Extensao Rural de Mato Grosso do Sul, Campo Grande (Brasil) |
| 245 1# - TÍTULO |
| Título |
Produtividade animal em pastagens de Brachiaria decumbens cv. Australiana e Andropogon gayanus cv. Planaltina consorciadas e submetidas a adubacao com fosfato natural |
| 246 1# - FORMA VARIANTE DO TÍTULO |
| Título/título abreviado |
[Animal productivity in pastures of Brachiaria decumbens, Australiana cultivar and Andropogon gayanus, Planaltina cultivar, associated and under natural phosphate fertilization] |
| 260 3# - PUBLICAÇÃO, DISTRIBUIÇÃO, ETC. |
| Local de publicação, distribuição, etc. |
Campo Grande, MS (Brasil): |
| Data da publicação, distribuição, etc. |
1985. |
| 300 ## - DESCRIÇÃO FÍSICA |
| Extensão |
4 p. |
| 490 ## - TÍTULO DA SÉRIE |
| Título da série |
Pesquisa em Andamento - Empresa de Pesquisa, Assistencia Tecnica e Extensao Rural de Mato Grosso do Sul (Brazil) |
| Número do volume ou designação sequencial da série |
no. 22 |
| ISSN - International Standard Serial Number |
ISSN 0101-9651 |
| 500 ## - NOTA GERAL |
| Nota geral |
9 illus. |
| 650 ## - ASSUNTO--TERMO TÓPICO |
| Cabeçalho tópico ou nome geográfico |
CAPIM BRACHIARIA |
| 650 ## - ASSUNTO--TERMO TÓPICO |
| Cabeçalho tópico ou nome geográfico |
CAPIM ANDROPOGON |
| 650 ## - ASSUNTO--TERMO TÓPICO |
| Cabeçalho tópico ou nome geográfico |
LEGUMINOSA FORRAGEIRA |
| 650 ## - ASSUNTO--TERMO TÓPICO |
| Cabeçalho tópico ou nome geográfico |
CIGARRINHA DAS PASTAGENS |
| 650 ## - ASSUNTO--TERMO TÓPICO |
| Cabeçalho tópico ou nome geográfico |
VARIEDADE RESISTENTE |
| 650 ## - ASSUNTO--TERMO TÓPICO |
| Cabeçalho tópico ou nome geográfico |
FOSFATO DE ROCHA |
| 650 ## - ASSUNTO--TERMO TÓPICO |
| Cabeçalho tópico ou nome geográfico |
ADUBACAO |
| 650 ## - ASSUNTO--TERMO TÓPICO |
| Cabeçalho tópico ou nome geográfico |
CONSORCIACAO DE CULTURA |
| 650 ## - ASSUNTO--TERMO TÓPICO |
| Cabeçalho tópico ou nome geográfico |
PASTEJO CONTINUO |
| 650 ## - ASSUNTO--TERMO TÓPICO |
| Cabeçalho tópico ou nome geográfico |
BOVINO |
| 650 ## - ASSUNTO--TERMO TÓPICO |
| Cabeçalho tópico ou nome geográfico |
MATERIA SECA |
| 650 ## - ASSUNTO--TERMO TÓPICO |
| Cabeçalho tópico ou nome geográfico |
ANALISE FOLIAR |
| 650 ## - ASSUNTO--TERMO TÓPICO |
| Cabeçalho tópico ou nome geográfico |
DISPONIBILIDADE |
| 650 ## - ASSUNTO--TERMO TÓPICO |
| Cabeçalho tópico ou nome geográfico |
GANHO DE PESO |
| 650 ## - ASSUNTO--TERMO TÓPICO |
| Cabeçalho tópico ou nome geográfico |
CERRADO |
| 650 ## - ASSUNTO--TERMO TÓPICO |
| Cabeçalho tópico ou nome geográfico |
MATO GROSSO DO SUL |
| 909 ## - |
| -- |
202312 |
| -- |
Lúcia Elande |
| -- |
55 |
| -- |
Lúcia Elande |
| 942 ## - ELEMENTOS DE ENTRADA ADICIONADOS (KOHA) |
| Fonte da classificação ou esquema de arquivamento na estante |
Classificação AGRIS |
| Ocultar no OPAC |
Não |
| Tipo de material Koha |
Monografia Seriada |